[Event "1 e4 c5 2 Na3 *"]
[Site "http://www.queenalice.com/game.php?id=365088"]
[Date "2008.3.3"]
[Round "4"]
[White "kligw"]
[Black "marcosbratz"]
[Result "1-0"]
[WhiteElo "2085"]
[BlackElo "1738"]

1. e4 c5 2. Na3 b6 3. Bc4 e6 4. Nf3 Bb7 5. d3 a6 6. O-O Bd6 7. Bg5 Ne7 8. c3 O-O
9. Nc2 Nbc6 10. a4 f6 11. Bh4 Ng6 12. Bg3 Bxg3 13. fxg3 Nce5 14. Ba2 Bc6 15. Ne3
f5 16. exf5 Nxf3+ 17. gxf3 Ne7 18. fxe6 d6 19. d4 cxd4 20. cxd4 b5 21. d5 Bb7
22. Qd3 Rc8 23. axb5 axb5 24. Qxb5 Rb8 25. Qd3 Rf6 26. Bb1 g6 27. Qd4 Qf8 28.
Be4 h6 29. Ng4 Kg7 30. Nxf6 Qxf6 31. Qb6 Nxd5 32. Bxd5 Bxd5 33. Qxb8 Qxe6 34.
Ra7+ Kf6 35. Qf8+ Kg5 36. Qf4+ 1-0

[Event "Challenge"]
[Site "http://www.queenalice.com/game.php?id=365118"]
[Date "2008.3.4"]
[Round "-"]
[White "reginaldox"]
[Black "kligw"]
[Result "0-1"]
[WhiteElo "1827"]
[BlackElo "2087"]

1. b4 Nf6 2. Bb2 e6 3. b5 Be7 4. e3 d5 5. Nf3 O-O 6. Be2 a6 7. a4 axb5 8. axb5
Rxa1 9. Bxa1 c5 10. c4 Ne4 11. d3 Qa5+ 12. Nbd2 Nc3 13. Bxc3 Qxc3 14. O-O dxc4
15. dxc4 b6 16. Nb1 Qf6 17. Re1 Rd8 18. Qc2 Bb7 19. Nbd2 Nd7 20. Ne4 Qg6 21. Bd3
f5 22. Ned2 Ne5 23. Be2 Rxd2 24. Qxd2 Bxf3 25. g3 Qg4 26. Qd1 Bxe2 27. Rxe2 Qxc4
0-1

[Event "Challenge"]
[Site "http://www.queenalice.com/game.php?id=365119"]
[Date "2008.3.4"]
[Round "-"]
[White "kligw"]
[Black "reginaldox"]
[Result "1-0"]
[WhiteElo "2093"]
[BlackElo "1821"]

1. e4 c5 2. Nf3 d6 3. d4 Nf6 4. Nc3 cxd4 5. Nxd4 a6 6. Be3 Ng4 7. Bg5 h6 8. Bh4
g5 9. Bg3 Bg7 10. f3 Ne3 11. Qd2 Nxf1 12. Rxf1 e5 13. Nb3 Nc6 14. Bf2 Be6 15.
O-O-O Bf8 16. Kb1 Qc7 17. Na4 Bxb3 18. cxb3 Qa5 19. Qc3 Be7 20. Nb6 Rd8 21. Rd5
Qxc3 22. bxc3 O-O 23. Rfd1 f5 24. Bg3 fxe4 25. fxe4 Nb8 26. Nc4 Rf6 27. Bxe5 Re6
28. Bxd6 Bxd6 29. Nxd6 Rdxd6 30. Rxd6 Rxe4 31. Rd8+ 1-0

[Event "CLM Playchess"]
[Site "http://www.queenalice.com/game.php?id=366565"]
[Date "2008.3.6"]
[Round "-"]
[White "CesarLMarques"]
[Black "kligw"]
[Result "1-0"]
[WhiteElo "2357"]
[BlackElo "2121"]

1. e4 c5 2. Nf3 d6 3. d4 cxd4 4. Nxd4 Nf6 5. Nc3 a6 6. Be3 e6 7. f3 b5 8. g4 h6
9. Qd2 Nbd7 10. O-O-O Bb7 11. h4 b4 12. Nce2 d5 13. exd5 Bxd5 14. Nf4 Bxa2 15.
Nc6 Qc7 16. Nxb4 Bd5 17. Nbxd5 exd5 18. Nxd5 Nxd5 19. Qxd5 Rc8 20. Qe4+ Qe5 21.
Qxe5+ Nxe5 22. Bxa6 Ra8 23. Bb5+ Ke7 24. Kb1 f6 25. Be2 Rc8 26. f4 Nc4 27. Bf2
Kf7 28. Bf3 g6 29. Rd7+ Be7 30. Re1 Rhe8 31. Bd5+ Kf8 32. Bd4 Nd6 33. Re6 f5 34.
Rxg6 1-0

[Event "CLM Playchess"]
[Site "http://www.queenalice.com/game.php?id=366566"]
[Date "2008.3.6"]
[Round "-"]
[White "kligw"]
[Black "CesarLMarques"]
[Result "0-1"]
[WhiteElo "2116"]
[BlackElo "2361"]

1. c4 e5 2. Nc3 Nf6 3. g3 Bb4 4. Bg2 O-O 5. Nf3 Re8 6. O-O c6 7. a3 Ba5 8. b4
Bc7 9. Bb2 d5 10. cxd5 e4 11. Nd4 Be5 12. Nb3 cxd5 13. d4 Bd6 14. Rc1 Nc6 15.
Qd2 a5 16. b5 Ne7 17. a4 Bb4 18. Qd1 Bf5 19. Na2 Bd6 20. Qd2 b6 21. Rc3 Qd7 22.
Rfc1 Rad8 23. Na1 Bh3 24. Nc2 Bxg2 25. Kxg2 Rc8 26. Ba3 Bxa3 27. Nxa3 Rcd8 28.
Rc7 Qd6 29. R1c3 Nd7 30. Qb2 Nf8 31. Rb7 Qf6 32. Nc2 Ne6 33. Rxb6 Nf4+ 34. gxf4
Qxb6 35. Nc1 Qh6 36. e3 Rd6 37. Ne2 Qh4 38. Qc1 Rh6 39. Qh1 Qh3+ 40. Kg1 Rg6+
41. Ng3 h5 0-1

[Event "Challenge"]
[Site "http://www.queenalice.com/game.php?id=378855"]
[Date "2008.3.29"]
[Round "-"]
[White "ZUMBI"]
[Black "kligw"]
[Result "0-1"]
[WhiteElo "1702"]
[BlackElo "2104"]

1. e4 Nf6 2. Nc3 d5 3. e5 d4 4. Nb5 Ng4 5. Nf3 Nc6 6. h3 Ngxe5 7. Nxe5 Nxe5 8.
d3 a6 9. Na3 b5 10. Bf4 Ng6 11. Qf3 Rb8 12. O-O-O e5 13. Bg3 Bb7 14. Qf5 Bd6 15.
Be2 O-O 16. Rhe1 Bxa3 17. bxa3 Qd6 18. c4 bxc4 19. dxc4 Qxa3+ 20. Kd2 Qc3# 0-1

[Event "Challenge"]
[Site "http://www.queenalice.com/game.php?id=378856"]
[Date "2008.3.29"]
[Round "-"]
[White "kligw"]
[Black "ZUMBI"]
[Result "1-0"]
[WhiteElo "2103"]
[BlackElo "1704"]

1. e4 e5 2. Nf3 Nc6 3. Bb5 Nf6 4. O-O Nxe4 5. d4 Qf6 6. Re1 d5 7. dxe5 Qf5 8.
Qxd5 Bd7 9. Qxe4 Qh5 10. Bg5 h6 11. Bh4 Be7 12. Bxe7 Bf5 13. Bxc6+ Kxe7 14. Qb4+
Ke6 15. Nd4# 1-0

[Event "Challenge"]
[Site "http://www.queenalice.com/game.php?id=380607"]
[Date "2008.4.1"]
[Round "-"]
[White "reginaldox"]
[Black "kligw"]
[Result "0-1"]
[WhiteElo "1780"]
[BlackElo "2105"]

1. e4 Nf6 2. e5 Nd5 3. d4 d6 4. c4 Nb6 5. f4 g6 6. Nf3 Bg7 7. Be2 O-O 8. O-O c5
9. Nc3 cxd4 10. Nxd4 dxe5 11. fxe5 Bxe5 12. Nf3 Bg7 13. Bd2 Nc6 14. a3 Be6 15.
c5 Nc4 16. Bxc4 Bxc4 17. Re1 Re8 18. b3 Be6 19. Qc2 Nd4 20. Nxd4 Qxd4+ 21. Kh1
Qxc5 22. b4 Qc6 23. Rac1 Rac8 24. Re3 Red8 25. b5 Qd6 26. Re2 Qxa3 27. Qa4 Rxc3
28. Qxa3 Rxa3 0-1

[Event "Challenge"]
[Site "http://www.queenalice.com/game.php?id=380608"]
[Date "2008.4.1"]
[Round "-"]
[White "kligw"]
[Black "reginaldox"]
[Result "1-0"]
[WhiteElo "2107"]
[BlackElo "1777"]

1. e4 c5 2. Nf3 d6 3. d4 Nf6 4. Nc3 cxd4 5. Nxd4 e5 6. Ndb5 a6 7. Na3 b5 8. b4
Nc6 9. Rb1 Bb7 10. Bg5 Be7 11. Bxf6 Bxf6 12. Nd5 O-O 13. Be2 Nd4 14. O-O Bxd5
15. exd5 Qb6 16. Bd3 g6 17. c3 Nf5 18. Qf3 Bg7 19. Bxf5 gxf5 20. Qxf5 Qc7 21.
Rb3 Kh8 22. Qd3 Qe7 23. c4 e4 24. Qe2 f5 25. cxb5 axb5 26. Nxb5 Be5 27. Rc1 Qh4
28. Rh3 Qf6 29. Qh5 Qg7 30. Rc7 1-0

[Event "Amigo Secreto I"]
[Site "http://www.queenalice.com/game.php?id=381671"]
[Date "2008.4.3"]
[Round "5"]
[White "kligw"]
[Black "arvim"]
[Result "1-0"]
[WhiteElo "2109"]
[BlackElo "2085"]

1. e4 e6 2. d4 d5 3. e5 c5 4. c3 Qb6 5. Nf3 Nc6 6. a3 Nh6 7. b4 cxd4 8. cxd4 Nf5
9. Bb2 Bd7 10. Be2 Be7 11. O-O O-O 12. Qd3 f6 13. b5 Na5 14. Nbd2 Rac8 15. Rfc1
Rxc1+ 16. Rxc1 Be8 17. h3 Bg6 18. Qc3 fxe5 19. Nxe5 Be8 20. a4 Qd8 21. Qc7 Qxc7
22. Rxc7 Bd8 23. Rc8 Bb6 24. Ndf3 Nb3 25. Ba3 Nbxd4 26. Bd1 Nxf3+ 27. Bxf3 Nd4
28. Bg4 1-0

[Event "Vamos lá!"]
[Site "http://www.queenalice.com/game.php?id=394085"]
[Date "2008.4.27"]
[Round "-"]
[White "jailsonjr"]
[Black "kligw"]
[Result "0-1"]
[WhiteElo "1733"]
[BlackElo "2111"]

1. e4 Nf6 2. e5 Nd5 3. c4 Nb6 4. Nf3 d6 5. exd6 exd6 6. d4 Be7 7. Be3 Bg4 8. h3
Bh5 9. Be2 O-O 10. O-O Nc6 11. a3 Bxf3 12. gxf3 f5 13. d5 Ne5 14. Bxb6 axb6 15.
Nc3 Qe8 16. f4 Ng6 17. Qd2 Bf6 18. Nb5 Qd7 19. Rab1 c6 20. dxc6 bxc6 21. Qxd6
Qxd6 22. Nxd6 Nxf4 23. Bf3 Be5 24. Bxc6 Bxd6 25. Bxa8 Nxh3+ 26. Kg2 Nf4+ 27. Kh1
Rxa8 28. Rbd1 Be5 29. Rd2 Rc8 30. b3 Rc6 31. Rd8+ Kf7 32. Re1 Rh6+ 33. Kg1 Bf6
34. b4 Bxd8 35. Rd1 Be7 36. Rd4 Ne2+ 0-1

[Event "1 e4 c5 2 Na3 *"]
[Site "http://www.queenalice.com/game.php?id=435738"]
[Date "2008.7.19"]
[Round "5"]
[White "AntonioMendonca"]
[Black "kligw"]
[Result "0-1"]
[WhiteElo "2139"]
[BlackElo "2112"]

1. e4 c5 2. Na3 a6 3. Nf3 Nc6 4. c3 d6 5. d4 cxd4 6. Nxd4 Nf6 7. f3 g6 8. Be3
Bg7 9. Be2 O-O 10. Nac2 Bd7 11. Qd2 Re8 12. O-O-O Rc8 13. Kb1 b5 14. g4 Ne5 15.
h4 Nc4 16. Bxc4 Rxc4 17. h5 Qb8 18. hxg6 fxg6 19. Bh6 Bh8 20. Rh2 e5 21. Ne2 Re6
22. Bg5 Rc7 23. Rdh1 Bc6 24. Nb4 Bb7 25. Bxf6 Rxf6 26. Nd5 Rxf3 27. a3 Rcf7 28.
Nc1 Qc8 29. g5 Qc4 30. Nf6+ Bxf6 31. gxf6 Bxe4+ 32. Ka1 R3xf6 0-1

[Event "Chess é Chess"]
[Site "http://www.queenalice.com/game.php?id=506235"]
[Date "2008.12.11"]
[Round "-"]
[White "Rafaelpimentel"]
[Black "kligw"]
[Result "1-0"]
[WhiteElo "2155"]
[BlackElo "2137"]

1. Nf3 Nf6 2. b3 g6 3. Bb2 Bg7 4. e3 O-O 5. Be2 d6 6. d4 Nbd7 7. Nbd2 c5 8. O-O
a6 9. c4 Qc7 10. h3 Rb8 11. Nh2 b5 12. f4 cxd4 13. exd4 bxc4 14. Nxc4 Nb6 15.
Rc1 Nxc4 16. Bxc4 Qb6 17. Kh1 Ne4 18. Qe1 Bb7 19. Nf3 Rfc8 20. Kh2 d5 21. Bd3
Rxc1 22. Qxc1 Rc8 23. Qe3 Qa5 24. a4 Qb4 25. Bb1 e6 26. Rc1 Rxc1 27. Bxc1 Qc3
28. Qxc3 Nxc3 29. Bd3 Bf8 30. Ne5 Bg7 31. Bd2 Ne4 32. Be1 Bh6 33. g3 Bf8 34. Kg2
Bd6 35. Kf3 f5 36. Ba5 Nf6 37. b4 Kf8 38. b5 axb5 39. Bxb5 Bb8 40. Bd8 Bxe5 41.
fxe5 Ne4 42. a5 Ba8 43. a6 Nd2+ 44. Kf4 Ne4 45. Bd7 Kf7 46. Bc8 h6 47. Ba5 g5+
48. Kf3 h5 49. Bb7 g4+ 50. Kg2 gxh3+ 51. Kxh3 Ng5+ 52. Kg2 1-0

[Event "Chess é Chess "]
[Site "http://www.queenalice.com/game.php?id=506238"]
[Date "2008.12.11"]
[Round "-"]
[White "kligw"]
[Black "Rafaelpimentel"]
[Result "1-0"]
[WhiteElo "2125"]
[BlackElo "2126"]

1. d4 Nf6 2. Nf3 e6 3. Bg5 Be7 4. e3 O-O 5. Bd3 d5 6. O-O Nbd7 7. Nbd2 a6 8. c3
c5 9. Rc1 b5 10. Bb1 h6 11. Bh4 Bb7 12. h3 Ne4 13. Nxe4 dxe4 14. Bxe7 Qxe7 15.
Nd2 f5 16. dxc5 Nxc5 17. Nb3 Rad8 18. Qe2 Bd5 19. Nd2 Nd3 20. Bxd3 exd3 21. Qd1
e5 22. f3 Qg5 23. Qe1 Rf6 24. e4 Rg6 25. Qf2 Be6 26. exf5 Bxf5 27. Ne4 Rf8 28.
Nxg5 1-0

[Event "Desafio #01"]
[Site "http://www.queenalice.com/game.php?id=650174"]
[Date "2009.9.10"]
[Round "-"]
[White "Aylton"]
[Black "kligw"]
[Result "1-0"]
[WhiteElo "1955"]
[BlackElo "2114"]

1. d4 d5 2. Nf3 Nf6 3. e3 c6 4. a3 Bg4 5. h3 Bh5 6. c4 e6 7. Nc3 Nbd7 8. Bd3 Be7
9. O-O O-O 10. Re1 dxc4 11. Bxc4 e5 12. dxe5 Bxf3 13. Qxf3 Nxe5 14. Qe2 Nxc4 15.
Qxc4 Qa5 16. Bd2 Qf5 17. e4 Qd7 18. Rad1 Qc7 19. e5 Nd7 20. f4 Qb6+ 21. Kh1 Qxb2
22. Bc1 Nb6 23. Qxf7+ Rxf7 24. Bxb2 Rxf4 25. g3 Rf2 26. Bc1 Rf3 27. Ne2 Nd5 28.
a4 Raf8 29. Rg1 Nc3 30. Nxc3 Rxc3 31. Rd7 Bc5 32. Rgd1 b5 33. axb5 cxb5 34. e6
Rxg3 35. Bb2 a5 36. Kh2 Re3 37. Rxg7+ Kh8 38. Rf7+ 1-0

[Event "Desafio #02"]
[Site "http://www.queenalice.com/game.php?id=650175"]
[Date "2009.9.10"]
[Round "-"]
[White "kligw"]
[Black "Aylton"]
[Result "0-1"]
[WhiteElo "2096"]
[BlackElo "1977"]

1. e4 c5 2. Nf3 Nc6 3. d4 cxd4 4. Nxd4 e5 5. Nb5 d6 6. N1c3 a6 7. Na3 b5 8. Nd5
Nge7 9. c4 Nd4 10. cxb5 Nxd5 11. exd5 Bd7 12. bxa6 Qa5+ 13. Qd2 Qxd5 14. Qg5 f6
15. Qg3 Nf5 16. Qd3 Qxd3 17. Bxd3 d5 18. Bb5 Bxa3 19. Bxd7+ Kxd7 20. bxa3 Rxa6
21. O-O Nd4 22. Rb1 Rc8 23. Be3 Ne2+ 24. Kh1 Rxa3 25. Rb7+ Rc7 26. Rb2 Nc3 27.
Ra1 d4 28. Bd2 Rca7 29. Bxc3 dxc3 30. Rc2 Ke6 31. Kg1 Kd5 32. Kf1 Kc4 33. Ke2 f5
34. Ke3 g5 35. g3 h5 36. f3 R7a5 37. h3 f4+ 38. gxf4 exf4+ 39. Ke4 Rd5 40. Rac1
Rd3 41. Re1 Ra5 0-1

[Event "Desafio #03"]
[Site "http://www.queenalice.com/game.php?id=652608"]
[Date "2009.9.15"]
[Round "-"]
[White "Aylton"]
[Black "kligw"]
[Result "0-1"]
[WhiteElo "1996"]
[BlackElo "2075"]

1. f4 c5 2. Nf3 Nc6 3. d3 d5 4. e3 Nf6 5. Be2 Qc7 6. O-O e5 7. fxe5 Nxe5 8. Nbd2
Bd6 9. h3 O-O 10. Nxe5 Bxe5 11. Nf3 Bd6 12. a3 Bd7 13. Bd2 Nh5 14. g4 Ng3 15.
Rf2 f5 16. gxf5 Bxf5 17. Kg2 Qd7 18. Ng1 Rf6 19. Bf3 Bc7 20. e4 dxe4 21. dxe4
Nxe4 22. Bxe4 Bxe4+ 23. Kf1 Raf8 24. Be3 Rxf2+ 25. Bxf2 Qf5 26. Qe2 Bg3 0-1

[Event "Desafio #04"]
[Site "http://www.queenalice.com/game.php?id=652609"]
[Date "2009.9.15"]
[Round "-"]
[White "kligw"]
[Black "Aylton"]
[Result "1-0"]
[WhiteElo "2088"]
[BlackElo "1978"]

1. e4 c5 2. Nf3 Nc6 3. d4 cxd4 4. Nxd4 e5 5. Nb5 d6 6. N1c3 a6 7. Na3 b5 8. Nd5
Nge7 9. c4 Nd4 10. cxb5 Nxd5 11. exd5 Bd7 12. Be3 Nxb5 13. Nc4 Rb8 14. a4 Nc7
15. Be2 Be7 16. O-O O-O 17. Qd2 f5 18. f3 h6 19. Rfc1 Rf6 20. Na5 f4 21. Ba7 Rc8
22. Bb6 g5 23. Bxa6 Nxa6 24. Bxd8 Rxd8 25. Nc6 Bxc6 26. dxc6 Nc7 27. b4 d5 28.
b5 Rb8 29. Qa5 Bd6 30. b6 Rc8 31. bxc7 Bxc7 32. Qxd5+ Kf8 33. Qd7 Bb6+ 34. Kf1
Rc7 35. Qd8+ Kg7 36. a5 Rcxc6 37. Qd7+ 1-0

[Event "Desafio #05"]
[Site "http://www.queenalice.com/game.php?id=659460"]
[Date "2009.9.28"]
[Round "-"]
[White "Aylton"]
[Black "kligw"]
[Result "0-1"]
[WhiteElo "1963"]
[BlackElo "2108"]

1. f4 c5 2. Nf3 Nc6 3. e4 e6 4. d3 Nf6 5. Be2 Be7 6. O-O d6 7. h3 a6 8. a3 b5 9.
Qe1 O-O 10. Be3 d5 11. e5 Nd7 12. Nbd2 Bb7 13. c3 Nb6 14. Qf2 d4 15. cxd4 cxd4
16. Nxd4 Bh4 17. g3 Bxg3 18. Qxg3 Nxd4 19. Qf2 Nxe2+ 20. Qxe2 f5 21. Rac1 Nd5
22. Bc5 Rf7 23. d4 Nxf4 24. Rxf4 Qg5+ 25. Rg4 fxg4 26. hxg4 Qh4 27. Ne4 Rf4 28.
Nf2 Rxf2 0-1

[Event "Desafio #06"]
[Site "http://www.queenalice.com/game.php?id=659461"]
[Date "2009.9.28"]
[Round "-"]
[White "kligw"]
[Black "Aylton"]
[Result "1-0"]
[WhiteElo "2100"]
[BlackElo "1974"]

1. Nc3 d5 2. e4 d4 3. Nce2 c5 4. Ng3 g6 5. Bc4 Nc6 6. a3 a6 7. d3 b5 8. Ba2 Bb7
9. f4 e6 10. Nf3 Nf6 11. O-O Be7 12. f5 exf5 13. exf5 O-O 14. Bh6 Re8 15. fxg6
hxg6 16. Qd2 Nd5 17. Rae1 Qd7 18. Ng5 Bxg5 19. Qxg5 Rxe1 20. Rxe1 Nce7 21. Qe5
f6 22. Qxf6 Nc8 23. Qxg6+ Kh8 24. Re8+ Qxe8 25. Qxe8+ Kh7 26. Nf5 Nce7 27. Qf7+
1-0

[Event "Desafio #07"]
[Site "http://www.queenalice.com/game.php?id=659583"]
[Date "2009.9.28"]
[Round "-"]
[White "Aylton"]
[Black "kligw"]
[Result "0-1"]
[WhiteElo "1959"]
[BlackElo "2123"]

1. d4 d5 2. Nf3 c6 3. e3 Nf6 4. a3 Bg4 5. h3 Bh5 6. c4 e6 7. Nc3 Nbd7 8. Bd3 Be7
9. O-O O-O 10. cxd5 cxd5 11. b4 Rc8 12. Bb2 Nb6 13. g4 Bg6 14. Bxg6 hxg6 15. Rc1
Nc4 16. Qc2 a6 17. Nd2 Nd6 18. Qd3 Nc4 19. Nxc4 dxc4 20. Qe2 b5 21. Kg2 Nd5 22.
Nxd5 exd5 23. e4 dxe4 24. Qxe4 Bg5 25. f4 Bf6 26. Rfe1 Qd7 27. Qe3 Bh4 28. Red1
Rfe8 29. Qf3 Re7 30. Rc2 Rce8 31. Bc1 Re4 32. d5 f5 33. g5 Be1 34. Kf1 a5 35.
bxa5 Bxa5 36. Kg2 Bb6 37. h4 Be3 38. Bb2 Rxf4 39. Qg3 Rg4 40. Qxg4 fxg4 41. Kg3
Qf5 0-1

[Event "Desafio #08"]
[Site "http://www.queenalice.com/game.php?id=659584"]
[Date "2009.9.28"]
[Round "-"]
[White "kligw"]
[Black "Aylton"]
[Result "1-0"]
[WhiteElo "2116"]
[BlackElo "1933"]

1. d4 d5 2. c4 e6 3. Nf3 Nf6 4. Nc3 h6 5. h3 a6 6. c5 b6 7. cxb6 cxb6 8. Bf4 Nc6
9. e3 Bb7 10. Be2 Bd6 11. Ne5 Bxe5 12. Bxe5 Nxe5 13. dxe5 Nd7 14. O-O Nxe5 15.
Qd4 f6 16. Bh5+ g6 17. f4 gxh5 18. fxe5 f5 19. Ne2 Rg8 20. Nf4 Kf7 21. Rac1 h4
22. e4 Ke7 23. exf5 exf5 24. e6 Qd6 25. Rc3 Rac8 26. Rxc8 Bxc8 27. Nxd5+ Kxe6
28. Qf6+ Kd7 29. Nxb6+ Kc6 30. Rc1+ 1-0

[Event "Challenge"]
[Site "http://www.queenalice.com/game.php?id=729873"]
[Date "2010.2.11"]
[Round "-"]
[White "jailsonjr"]
[Black "kligw"]
[Result "0-1"]
[WhiteElo "1627"]
[BlackElo "2130"]

1. e4 c5 2. Nf3 d6 3. Bb5+ Nc6 4. Bxc6+ bxc6 5. O-O g6 6. h3 Bg7 7. d4 cxd4 8.
Nxd4 Bb7 9. Be3 Nf6 10. Nc3 c5 11. e5 Nd7 12. Ndb5 Nxe5 13. f4 Nc4 14. Qc1 a6
15. Na3 Nxe3 16. Qxe3 Bd4 17. Qxd4 cxd4 18. Ne2 Qb6 19. Nc4 Qc5 20. b3 d3+ 21.
Kh1 dxe2 22. Rfe1 Qf2 23. Rg1 Bxg2+ 24. Rxg2 e1=Q+ 25. Kh2 Qxf4+ 26. Rg3 Qfxg3#
0-1